000 00346 a2200157 4500
001 59084
020 _a8570562896
040 _cAnchieta - Pituba
100 _aRezende, Antonio Paulo
240 1 0 _aUma trama revolucionária?
_lpor
245 1 0 _aUma trama revolucionária?
300 _a59
362 0 _a1990
650 4 _aBrasil
942 _cBK
999 _c59084
_d59084